| 000 | 00421nam a22001697a 4500 | ||
|---|---|---|---|
| 003 | MPLRDC | ||
| 005 | 20220104142953.0 | ||
| 008 | 210129b ||||| |||| 00| 0 eng d | ||
| 082 | _a859.6 MYWH | ||
| 100 | _a不详 | ||
| 245 |
_a狼和七只小羊 _c |
||
| 260 |
_a _b名远文化事业有限公司 _c1988 |
||
| 300 | _b平 | ||
| 490 | _a彩色世界儿童文学 | ||
| 650 | _a儿童故事 | ||
| 942 |
_cBK _o859.6 MYWH |
||
| 999 |
_c35374 _d35364 |
||